Identification and evaluation of noncultivated plants used for livestock feed in the Mekong delta of Vietnam

Uloženo v:
Podrobná bibliografie
Hlavní autor: Nguyễn Nhựt Xuân Dung
Médium: Kniha
Jazyk:Undetermined
Vydáno: Uppsala, Sweden Swedish Univ. of Agricultural Sciences 1996
Tagy: Přidat tag
Žádné tagy, Buďte první, kdo otaguje tento záznam!
Thư viện lưu trữ: Trung tâm Học liệu Trường Đại học Cần Thơ
LEADER 00579nam a2200169Ia 4500
001 CTU_58514
008 210402s9999 xx 000 0 und d
082 |a 636.086 
082 |b D516 
100 |a Nguyễn Nhựt Xuân Dung 
245 0 |a Identification and evaluation of noncultivated plants used for livestock feed in the Mekong delta of Vietnam 
245 0 |c Nguyễn Nhựt Xuân Dung 
260 |a Uppsala, Sweden 
260 |b Swedish Univ. of Agricultural Sciences 
260 |c 1996 
904 |i Minh 
980 |a Trung tâm Học liệu Trường Đại học Cần Thơ